LIBRARY & INFORMATION CENTRE, KCAET, TAVANUR

ONLINE PUBLIC ACCESS CATALOGUE (OPAC)

Annie Besant / (Record no. 6097)

MARC details
000 -LEADER
fixed length control field 00520cam a2200193ua 4500
041 ## - LANGUAGE CODE
Language code of text/sound track or separate title eng
082 ## - DEWEY DECIMAL CLASSIFICATION NUMBER
Classification number 923.6
Item number RAM/AN
100 ## - MAIN ENTRY--AUTHOR NAME
Personal name Ramaswamy Iyer, C P .
245 ## - TITLE STATEMENT
Title Annie Besant /
260 ## - PUBLICATION, DISTRIBUTION, ETC. (IMPRINT)
Place of publication India :
Name of publisher Publication Division, Govt. of India ,
Year of publication 1963.
300 ## - PHYSICAL DESCRIPTION
Number of Pages 152 ; .
490 0# - SERIES STATEMENT
Series statement Builders of Modern India,
Volume number/sequential designation
942 ## - ADDED ENTRY ELEMENTS (KOHA)
Koha item type Books
Holdings
Withdrawn status Lost status Damaged status Home library Current library Date acquired Full call number Accession Number Koha item type
Withdrawn     KAUAET Malayalam University 07/04/2012 923.6 2726 Books
free website counter